|
|
|
|
| LEADER |
00946nam a2200229 a 4500 |
| 001 |
74676 |
| 008 |
090603s2006 bg 000 0 eng d |
| 010 |
|
|
|a 95075394
|
| 040 |
|
|
|a DLC
|c DLC
|
| 082 |
0 |
0 |
|a 657
|2 22
|
| 100 |
1 |
|
|a Sarkar, James Bakul.
|
| 245 |
1 |
0 |
|a Accounting principles /
|c James Bakul Sarkar,Farjana Yeshmin.
|
| 250 |
|
|
|a 2nd edition
|
| 260 |
|
|
|a Dhaka :
|b Stamford University Press&Dream Publication,
|c 2006
|
| 300 |
|
|
|a 486 p. A-157, G-16
|c 24 cm.
|
| 541 |
1 |
|
|e 00015540
|
| 650 |
|
0 |
|a Accounting
|
| 700 |
1 |
|
|a Farjana Yeshmin,Farjana.
|
| 852 |
4 |
|
|a Ayesha Abed Library
|j General Shelf.
|
| 999 |
|
|
|c 9092
|d 9092
|
| 952 |
|
|
|0 0
|1 0
|2 ddc
|4 0
|6 657_SAR_200600000000000
|7 0
|9 11289
|a BRACUL
|b BRACUL
|c GEN
|d 2010-06-28
|l 16
|m 97
|o 657 SAR
|p 3010015540
|r 2026-01-28
|s 2025-12-30
|t 1
|w 2010-06-28
|y BK
|
| 952 |
|
|
|0 0
|1 0
|2 ddc
|4 0
|6 657_SAR_200600000000000
|7 0
|9 18455
|a BRACUL
|b BRACUL
|c GEN
|d 2011-10-23
|l 14
|m 70
|o 657 SAR
|p 3010015539
|r 2025-04-29
|s 2025-04-27
|t 2
|w 2011-10-23
|y BK
|